00385nam a2200133Ia 4500008004100000020001800041041001200059100001500071245009900086250000800185260003400193300000800227650001600235221030s9999 xx 000 0 und d a9789351073987 aEnglish aS. M. Ross 0aIntroduction to Probability & Statistics for Engineers & Scientists 6th Editioncby S. M. Ross a6th bElsevier PubaNew Delhic2021 a687 aBE Computer